000 00283nam a2200109 4500
008 160624b xxu||||| |||| 00| 0 eng d
100 _91003
_a King, L
245 _aPuzzles for the High IQ
260 _aN.D
_b Good Will Pub. House
300 _aPuzzles for the High IQ
942 _2ddc
_cBK
999 _c803
_d803